000 00464nam a2200145Ia 4500
008 221007s9999 xx 000 0 und d
041 _aeng
082 _bSAY
100 _aSayali Pardhi - 2k171094 & Dr. Jyoti Gaikwad - Guide
_9105003
245 _aTo Study Effectiveness Of Social Media Marketing As Branding Tool For Hoteliers
260 _c2018
_bSavitribai Phule Pune University
_aPune
300 _a84p
_cHard Bound
440 _v1
906 _bReference Books
999 _c78124
_d78124